000 00614nam a2200217 i 4500
001 147352
003 ES-MaACL
005 20260525062934.0
007 t|
008 070928s1944 sp ||||1| spa d
080 _a86-4"19"
100 1 _aUnamuno, Miguel de,
_d1864-1936
_9111982
245 1 3 _aLa dignidad humana /
_cMiguel de Unamuno.
260 _aMadrid :
_bEspasa Calpe,
_c[1944]
300 _a167 p. ;
_c18 cm.
490 1 _aColección austral ;
_v440
650 0 0 _aDignidad de la persona.
_911889
830 1 _aColección austral
_v440
_9177655
852 _aES-MaACL
_jB-10099
999 _c147352
_d147352